Obcokrajowcy w Koronie Kielce - Statystyki

Ogólne statystyki
  • Ten quiz został rozwiązany 31 razy
  • Średni wynik to 53 z 105
Statystyki odpowiedzi
Kraj/Narodowość pozycja Ilość meczów Bramki Imię i nazwisko % Poprawnych
Hiszpania napastnik 36 8 Adrián Dalmau
96%
Kanada obrońca 55 1 Dominick Zator
91%
Hiszpania napastnik 44 4 Nono
87%
Belgia pomocnik 39 10 Martin Remacle
83%
Białoruś napastnik 86 21 Evgeniy Shikavka
78%
Gruzja napastnik 29 9 Nika Kacharava
78%
Francja pomocnik 27 7 Olivier Kapo
78%
Brazylia napastnik 117 29 Edi Andradina
74%
Senegal obrońca 72 5 Elhadji Pape Diaw
74%
Ukraina pomocnik 59 4 Kyrylo Petrov
74%
Kanada bramkarz 14 0 Milan Borjan
74%
Japonia pomocnik 2 0 Shuma Nagamatsu
74%
Izrael pomocnik 35 1 Yoav Hofmayster
74%
Hiszpania napastnik 28 16 Airam Cabrera
70%
USA/Meksyk pomocnik 14 2 Danny Trejo
70%
Niemcy/Włochy napastnik 58 20 Elia Soriano
70%
Hiszpania pomocnik 34 6 Miguel Palanca
70%
Maroko pomocnik 90 5 Nabil Aankour
70%
Słowacja obrońca 133 17 Pavol Stano
70%
Finlandia pomocnik 18 4 Petteri Forsell
70%
Rumunia pomocnik 48 6 Ronaldo Deaconu
70%
Bośnia i Hercegowina pomocnik 179 6 Vlastimir Jovanovic
70%
Bośnia i Hercegowina obrońca 100 7 Adnan Kovacevic
65%
Słowenia pomocnik 35 9 Goran Cvijanovic
65%
Brazylia obrońca 171 4 Hernâni
65%
Estonia obrońca 72 2 Ken Kallaste
65%
Hiszpania obrońca 0 0 Pau Resta
65%
Portugalia pomocnik 3 0 Pedro Nuno
65%
Serbia bramkarz 25 0 Zlatan Alomerovic
65%
Serbia pomocnik 80 7 Aleksandar Vukovic
61%
Brazylia pomocnik 88 4 Hermes
61%
Brazylia obrońca 24 1 Leandro
61%
Kanada obrońca 39 1 Marcus Godinho
61%
Rumunia obrońca 33 0 Marius Briceag
61%
Słowenia napastnik 59 6 Matej Pucko
61%
Niemcy bramkarz 31 0 Matthias Hamrol
61%
Niemcy pomocnik 78 1 Michael Gardawski
61%
Czechy obrońca 139 8 Radek Dejmek
61%
Urugwaj pomocnik 9 0 Rodrigo Zalazar
61%
Gruzja pomocnik 29 5 Vato Arveladze
61%
Łotwa obrońca 51 0 Vladislavs Gabovs
61%
Litwa bramkarz 36 0 Vytautas Cerniauskas
61%
Niemcy pomocnik 10 1 Fabian Burdenski
57%
Bośnia i Hercegowina napastnik 59 7 Ivan Jukic
57%
Czechy napastnik 28 3 Michal Papadopulos
57%
Ukraina napastnik 95 8 Sergiy Pylypchuk
57%
Argentyna pomocnik 13 0 Andrés Lioi
52%
Słowacja pomocnik 66 1 Dalibor Takac
52%
Białoruś obrońca 13 1 Dmitriy Verkhovtsov
52%
Kostaryka napastnik 20 3 Felicio Brown Forbes
52%
Portugalia pomocnik 42 3 Filipe Oliveira
52%
Norwegia pomocnik 7 0 Fredrik Krogstad
52%
Hiszpania obrońca 48 0 Iván Márquez
52%
Estonia obrońca 6 0 Joonas Tamm
52%
Brazylia napastnik 15 5 Luís Carlos
52%
Litwa obrońca 44 3 Tadas Kijanskas
52%
Serbia napastnik 7 0 Bojan Cecaric
48%
Hiszpania napastnik 22 1 Dani Abalo
48%
Bułgaria napastnik 14 5 Iliyan Micanski
48%
Gruzja napastnik 16 1 Luka Zarandia
48%
Chorwacja pomocnik 43 0 Oliver Petrak
48%
Hiszpania obrońca 21 1 Roberto Corral
48%
Czarnogóra obrońca 13 0 Sasa Balic
48%
Czarnogóra napastnik 21 0 Uros Djuranovic
48%
Serbia pomocnik 70 3 Vanja Markovic
48%
Bośnia i Hercegowina pomocnik 41 0 Zvonimir Petrovic
48%
Łotwa pomocnik 47 0 Aleksandrs Fertovs
43%
Kanada pomocnik 4 0 Charlie Trafford
43%
Anglia pomocnik 2 0 D'Sean Theobalds
43%
Senegal pomocnik 29 3 Emile Thiakane
43%
Słowacja napastnik 22 4 Erik Pacinda
43%
Serbia pomocnik 0 0 Ivan Markovic
43%
Nowa Zelandia/Grecja obrońca 33 2 Themistoklis Tzimopoulos
43%
Bośnia i Hercegowina napastnik 32 1 Zlatko Janjic
43%
Węgry obrońca 5 0 Ákos Kecskés
39%
WKS obrońca 10 0 Boliguibia Ouattara
39%
Bośnia i Hercegowina bramkarz 1 0 Luka Kukic
39%
Chorwacja obrońca 54 1 Mario Zebic
39%
Ukraina bramkarz 10 0 Oleksiy Shlyakotin
39%
Brazylia napastnik 15 3 Rafael Porcellis
39%
Kazachstan napastnik 27 2 Sergey Khizhnichenko
39%
Portoryko obrońca 6 0 Shawn Barry
39%
Kazachstan obrońca 4 1 Abzal Beysebekov
35%
Serbia obrońca 3 0 Aleksandar Bjelica
35%
Grecja obrońca 2 0 Angelos Argyris
35%
Słowacja bramkarz 8 0 Michal Peskovic
35%
Serbia obrońca 36 1 Nikola Mijailovic
35%
Brazylia obrońca 12 2 Edson Canhão
30%
Austria napastnik 5 0 Kubilay Yilmaz
30%
Serbia pomocnik 27 1 Milan Radin
30%
Bośnia i Hercegowina pomocnik 40 0 Ognjen Gnjatic
30%
Mołdawia napastnik 1 1 Anatolie Doroș
26%
Rumunia pomocnik 8 1 János Székely
26%
Dania/Bośnia i Hercegowina napastnik 4 2 Sanel Kapidzic
26%
Litwa obrońca 22 2 Andrius Skerla
22%
Hiszpania pomocnik 10 0 Hugo Díaz
22%
Serbia obrońca 2 0 Nemanja Miletic
22%
Czarnógóra/Serbia obrońca 15 1 Veselin Djokovic
22%
Brazylia obrońca 7 0 Dirceu
17%
Słowacja pomocnik 3 0 Lukas Janic
17%
Chorwacja pomocnik 24 0 Marko Pervan
17%
Litwa obrońca 8 0 Paulius Paknys
13%
Niemcy napastnik 0 0 Amer Halilic
9%
Estonia pomocnik 8 1 Sander Puri
9%
Serbia obrońca 0 0 Aleksandar Radunovic
4%
Nie znaleziono quizów pasujących do podanych kryteriów
Rozkład punktacji
Procent ludzi z każdym wynikiem
Percentyl według liczby udzielonych odpowiedzi
Twoja historia wyników
Nie rozwiązałeś tego quizu